000 00246nam a2200109Ia 4500
008 220204s9999 xx 000 0 und d
082 _a82-3
_bSHA
100 _aR T
245 0 _aSethji
260 _aNew Delhi
_bArnold Heinemann
_c1977
942 _cBK
999 _c32282
_d32282